000 00565nam a2200217 a 4500
001 BRCA_7427
005 20190320205831.0
008 040413s1911----sp-a######---#000-0#spa-#
041 _aspa
044 _asp
050 4 _aF1219
_b.B38 1911
100 1 _aBatres, Leopoldo
_918304
245 1 0 _aDato arqueológico
_cpor Leopoldo Batres.
260 _aBarcelona
_bVda. de J. Cunill
_c1911
300 _a1 v. (sin paginación)
_bil.
500 _aQ164
650 1 4 _aArqueología
_98098
651 4 _aMéxico
_xAntigüedades
_92765
902 _aGFM
942 _2lcc
_cB
999 _c7103
_d7103